Entry Personal Name
Number of records used in: 1
001 - CONTROL NUMBER
003 - CONTROL NUMBER IDENTIFIER
005 - DATE AND TIME OF LATEST TRANSACTION
- control field:
20200205140535.0
008 - FIXED-LENGTH DATA ELEMENTS
- fixed length control field:
800418n| acannaabn |b aaa
010 ## - LIBRARY OF CONGRESS CONTROL NUMBER
- LC control number:
n 50012218
035 ## - SYSTEM CONTROL NUMBER
- System control number:
(OCoLC)oca00047708
040 ## - CATALOGING SOURCE
- Original cataloging agency:
DLC
- Language of cataloging:
eng
- Transcribing agency:
DLC
- Modifying agency:
DLC
- Modifying agency:
IEN
046 ## - SPECIAL CODED DATES
100 1# - HEADING--PERSONAL NAME
- Personal name:
Bhattacharya, Mohit
400 0# - SEE FROM TRACING--PERSONAL NAME
- Personal name:
Mohit Bhattacharya
670 ## - SOURCE DATA FOUND
- Source citation:
Ray, A.Political theory, 1962.
670 ## - SOURCE DATA FOUND
- Source citation:
His Management of rural development, 1989:
- Information found:
t.p. (vice-chancellor, Burdwan U.; prof Pub. Adm., Calcutta U.)
670 ## - SOURCE DATA FOUND
- Source citation:
Info. converted from 678, 2012-10-02
- Information found:
(b. 1932)